| 000 | 00626nmc a2200253 a 4500 | ||
|---|---|---|---|
| 003 | AR-BaBNM | ||
| 005 | 20251128211504.0 | ||
| 008 | 304020s1996 ||||||||||||||000 | spa|| | ||
| 020 | _a950-558-060-6 | ||
| 040 | _cAR-BaBNM | ||
| 100 | 1 | _aLeiguarda, Toity | |
| 245 | 1 | 0 |
_aCuentos ecológicos de la madre tierra _npara amar nuestro Planeta |
| 250 | _a3ª ed. | ||
| 260 |
_aBuenos Aires _bOrión _c1996 |
||
| 300 | _a125 p. | ||
| 490 | 0 | _aTobogán | |
| 650 | 4 | _aCUENTOS | |
| 650 | 4 | _aECOLOGIA | |
| 650 | 4 | _aLITERATURA INFANTIL | |
| 655 | _aLITERATURA | ||
| 800 | 1 | _aBird, Poldy | |
| 942 | _cBK | ||
| 998 | _cEugenia | ||
| 999 |
_c19872 _d19872 |
||